Nguyễn Ái Quốc - Hồ Chí Minh : hành trình thơ văn, hành trình dân tộc /
Salvato in:
| Autore principale: | |
|---|---|
| Natura: | Sách giấy |
| Lingua: | Vietnamese |
| Pubblicazione: |
Nghệ An :
Nxb Nghệ An,
2003
|
| Soggetti: | |
| Tags: |
Aggiungi Tag
Nessun Tag, puoi essere il primo ad aggiungerne! !
|
| Thư viện lưu trữ: | Thư viện Trường Đại học Đà Lạt |
|---|
| LEADER | 00770nam a2200289 4500 | ||
|---|---|---|---|
| 001 | DLU030025697 | ||
| 005 | ##20021230 | ||
| 008 | ##021230t vn z000 vie d | ||
| 040 | # | # | |a DLU |b vie |
| 041 | # | # | |a vie |
| 044 | # | # | |a vn |
| 082 | # | # | |a 895.922 809 |b PH-L |
| 100 | # | # | |a Phong Lê |
| 245 | # | # | |a Nguyễn Ái Quốc - Hồ Chí Minh : |b hành trình thơ văn, hành trình dân tộc / |c Phong Lê |
| 260 | # | # | |a Nghệ An : |b Nxb Nghệ An, |c 2003 |
| 300 | # | # | |a 171 tr. ; |c 21 cm |
| 653 | # | # | |a Nghiên cứu văn học |
| 653 | # | # | |a Văn học cách mạng |
| 992 | # | # | |a 20000 |
| 994 | # | # | |a DLU |
| 900 | # | # | |a True |
| 911 | # | # | |a Thái Thị Thanh Thủy |
| 925 | # | # | |a G |
| 926 | # | # | |a A |
| 927 | # | # | |a SH |
| 980 | # | # | |a Thư viện Trường Đại học Đà Lạt |